<?xml version="1.0" encoding="UTF-8"?>
<record
    xmlns:xsi="http://www.w3.org/2001/XMLSchema-instance"
    xsi:schemaLocation="http://www.loc.gov/MARC21/slim http://www.loc.gov/standards/marcxml/schema/MARC21slim.xsd"
    xmlns="http://www.loc.gov/MARC21/slim">

  <leader>00940nam a22001937a 4500</leader>
  <datafield tag="999" ind1=" " ind2=" ">
    <subfield code="c">184975</subfield>
    <subfield code="d">184975</subfield>
  </datafield>
  <controlfield tag="005">20220623115236.0</controlfield>
  <datafield tag="010" ind1=" " ind2=" ">
    <subfield code="a">B-742379-382                         HIN-21-22</subfield>
  </datafield>
  <datafield tag="020" ind1=" " ind2=" ">
    <subfield code="a">9789390594085</subfield>
    <subfield code="c">425.00</subfield>
  </datafield>
  <datafield tag="035" ind1=" " ind2=" ">
    <subfield code="a">B-742379-382  </subfield>
  </datafield>
  <datafield tag="037" ind1=" " ind2=" ">
    <subfield code="b">Empty Canvas Publishers</subfield>
  </datafield>
  <datafield tag="082" ind1=" " ind2=" ">
    <subfield code="a">&#x909;</subfield>
  </datafield>
  <datafield tag="100" ind1=" " ind2=" ">
    <subfield code="a">&#x91A;&#x924;&#x941;&#x930;&#x938;&#x947;&#x928;, &#x906;&#x91A;&#x93E;&#x930;&#x94D;&#x92F;</subfield>
  </datafield>
  <datafield tag="245" ind1=" " ind2=" ">
    <subfield code="a">&#x935;&#x948;&#x936;&#x93E;&#x932;&#x940; &#x915;&#x940; &#x928;&#x917;&#x930;&#x935;&#x927;&#x942; /</subfield>
    <subfield code="c">&#x906;&#x91A;&#x93E;&#x930;&#x94D;&#x92F; &#x91A;&#x924;&#x941;&#x930;&#x938;&#x947;&#x928;</subfield>
  </datafield>
  <datafield tag="260" ind1=" " ind2=" ">
    <subfield code="a">New Delhi</subfield>
    <subfield code="b">Empty Canvas Publishers</subfield>
    <subfield code="c">2021</subfield>
  </datafield>
  <datafield tag="270" ind1=" " ind2=" ">
    <subfield code="a">4435-36/7, First Floor, Ansari Road, Daryaganj</subfield>
    <subfield code="b">New Delhi</subfield>
    <subfield code="e">110002</subfield>
  </datafield>
  <datafield tag="300" ind1=" " ind2=" ">
    <subfield code="a">474&#x92A;&#x943;.</subfield>
    <subfield code="c">22&#x938;&#x947;&#x92E;&#x940;(&#x905;&#x91C;&#x93F;&#x932;&#x94D;&#x926;) </subfield>
  </datafield>
  <datafield tag="942" ind1=" " ind2=" ">
    <subfield code="2">ddc</subfield>
    <subfield code="c">HN</subfield>
    <subfield code="m">&#x91A;&#x924;&#x941;&#x930;</subfield>
    <subfield code="h">&#x909;</subfield>
  </datafield>
  <datafield tag="952" ind1=" " ind2=" ">
    <subfield code="0">0</subfield>
    <subfield code="1">0</subfield>
    <subfield code="4">0</subfield>
    <subfield code="7">0</subfield>
    <subfield code="8">FIC</subfield>
    <subfield code="a">L</subfield>
    <subfield code="b">L</subfield>
    <subfield code="d">2022-06-23</subfield>
    <subfield code="e">&#x906;&#x915;&#x93E;&#x930; &#x92C;&#x941;&#x915;&#x94D;&#x938;/I-3491/28.2.22/107/23.2.22/10.3.22</subfield>
    <subfield code="g">425.00</subfield>
    <subfield code="l">13</subfield>
    <subfield code="m">14</subfield>
    <subfield code="o">&#x909; &#x91A;&#x924;&#x941;&#x930;</subfield>
    <subfield code="p">B-742379</subfield>
    <subfield code="r">2025-03-13 00:00:00</subfield>
    <subfield code="s">2025-02-07</subfield>
    <subfield code="t">1</subfield>
    <subfield code="v">425.00</subfield>
    <subfield code="w">2022-06-23</subfield>
    <subfield code="y">HN</subfield>
  </datafield>
  <datafield tag="952" ind1=" " ind2=" ">
    <subfield code="0">0</subfield>
    <subfield code="1">0</subfield>
    <subfield code="4">0</subfield>
    <subfield code="7">0</subfield>
    <subfield code="8">FIC</subfield>
    <subfield code="a">AV</subfield>
    <subfield code="b">AV</subfield>
    <subfield code="d">2022-06-23</subfield>
    <subfield code="e">&#x906;&#x915;&#x93E;&#x930; &#x92C;&#x941;&#x915;&#x94D;&#x938;/I-3491/28.2.22/107/23.2.22/10.3.22</subfield>
    <subfield code="g">425.00</subfield>
    <subfield code="l">5</subfield>
    <subfield code="m">2</subfield>
    <subfield code="o">&#x909; &#x91A;&#x924;&#x941;&#x930;</subfield>
    <subfield code="p">B-742380</subfield>
    <subfield code="r">2024-01-19 00:00:00</subfield>
    <subfield code="s">2023-11-29</subfield>
    <subfield code="t">1</subfield>
    <subfield code="v">425.00</subfield>
    <subfield code="y">HN</subfield>
  </datafield>
  <datafield tag="952" ind1=" " ind2=" ">
    <subfield code="0">0</subfield>
    <subfield code="1">0</subfield>
    <subfield code="4">0</subfield>
    <subfield code="7">0</subfield>
    <subfield code="8">FIC</subfield>
    <subfield code="a">BL1</subfield>
    <subfield code="b">BL1</subfield>
    <subfield code="d">2022-06-23</subfield>
    <subfield code="e">&#x906;&#x915;&#x93E;&#x930; &#x92C;&#x941;&#x915;&#x94D;&#x938;/I-3491/28.2.22/107/23.2.22/10.3.22</subfield>
    <subfield code="g">425.00</subfield>
    <subfield code="l">2</subfield>
    <subfield code="o">&#x909; &#x91A;&#x924;&#x941;&#x930;</subfield>
    <subfield code="p">B-742381</subfield>
    <subfield code="r">2023-08-10 00:00:00</subfield>
    <subfield code="s">2023-07-24</subfield>
    <subfield code="t">1</subfield>
    <subfield code="v">425.00</subfield>
    <subfield code="y">HN</subfield>
  </datafield>
  <datafield tag="952" ind1=" " ind2=" ">
    <subfield code="0">0</subfield>
    <subfield code="1">0</subfield>
    <subfield code="4">0</subfield>
    <subfield code="7">0</subfield>
    <subfield code="8">FIC</subfield>
    <subfield code="a">ZLS</subfield>
    <subfield code="b">ZLS</subfield>
    <subfield code="d">2022-06-23</subfield>
    <subfield code="e">&#x906;&#x915;&#x93E;&#x930; &#x92C;&#x941;&#x915;&#x94D;&#x938;/I-3491/28.2.22/107/23.2.22/10.3.22</subfield>
    <subfield code="g">425.00</subfield>
    <subfield code="l">0</subfield>
    <subfield code="o">&#x909; &#x91A;&#x924;&#x941;&#x930;</subfield>
    <subfield code="p">B-742382</subfield>
    <subfield code="r">2022-06-23 00:00:00</subfield>
    <subfield code="t">1</subfield>
    <subfield code="v">425.00</subfield>
    <subfield code="y">HN</subfield>
  </datafield>
</record>
